Tiempo de Bello en Londres y otros ensayos

Guardado en:
書目詳細資料
主要作者: Grases, Pedro
格式: 圖書
語言:Undetermined
出版: Caracas, Venezuela Departamento de Publicaciones 1962
主題:
標簽: 添加標簽
沒有標簽, 成為第一個標記此記錄!

MARC

LEADER 00000nam a2200000Ia 4500
008 170316s9999 xx 000 0 und d
040 |a cru BVZT 
090 |a 860 G-31t 
100 |a Grases, Pedro 
245 |a Tiempo de Bello en Londres y otros ensayos 
260 |a Caracas, Venezuela 
260 |b Departamento de Publicaciones 
260 |c 1962 
300 |a 315 páginas 
650 |a LITERATURA LATINOAMERICANA 
999 |c 8762  |d 8762 
942 |c 15 D  |h 860 G-31t  |2 z